000
00254nam a22001097a 4500
008
230710b |||||||| |||| 00| 0 eng d
100
_a
Thapar, Romila
_9
2664
245
_a
History of India
260
_b
Penguin Books
_c
1966
300
_a
381p
942
_c
BK
999
_c
39122
_d
39122